000
00371nam a22001577a 4500
003
MPLRDC
005
20220104124552.0
008
210129b ||||| |||| 00| 0 eng d
082
_a
859.6 ZTY*
100
_a
张天翼著
245
_a
宝葫芦的秘密
_c
260
_a
_b
中流出版社有限公司
_c
1978
300
_b
平
650
_a
942
_c
BK
_o
859.6 ZTY*
999
_c
20377
_d
20367